Leasehold enfranchisement (Record no. 65589)

MARC details
000 -LEADER
fixed length control field 01340cam a2200229 4500
001 - CONTROL NUMBER
control field WB3649-20
008 - FIXED-LENGTH DATA ELEMENTS--GENERAL INFORMATION
fixed length control field 000000n2000 000 0 eng u
035 ## - SYSTEM CONTROL NUMBER
System control number (Sirsi) u109956
245 ## - TITLE STATEMENT
Title Leasehold enfranchisement
260 ## - PUBLICATION, DISTRIBUTION, ETC.
Date of publication, distribution, etc. 2000
490 ## - SERIES STATEMENT
Series statement Estates Gazette Case Summaries
Volume/sequential designation [2000] EGCS 146 (9/12/00) (1)
520 ## - SUMMARY, ETC.
Summary, etc. "Rosen v Trustees of Campden Charities" CA 30 November 2000. Before 1850 the then Trustees of the Campden Charities put up the site of Kensington Workhouse for sale. The successful builder R undertook to build 29 houses on the site, upon completion he was to be granted a 99-year lease from December 1849. In 1952 the trustees granted R a 99-year lease, by which date No 25 was complete. The issues of the appeal were, for the amount payable by R for the freehold of No 25 under the Leasehold Reform Act s9(1A), whether the orginal building constituted an improvement and, at the time of construction if the builder was the tenant of the long lease of No 25. Appeal dismissed.
590 ## - LOCAL NOTE (RLIN)
Local note WB
650 ## - SUBJECT ADDED ENTRY--TOPICAL TERM
Topical term or geographic name entry element LEASEHOLD ENFRANCHISEMENT
650 ## - SUBJECT ADDED ENTRY--TOPICAL TERM
Topical term or geographic name entry element LEASEHOLD REFORM ACT 1967 S9(1A)
650 ## - SUBJECT ADDED ENTRY--TOPICAL TERM
Topical term or geographic name entry element DETERMINATION OF PRICE
650 ## - SUBJECT ADDED ENTRY--TOPICAL TERM
Topical term or geographic name entry element IMPROVEMENTS
650 ## - SUBJECT ADDED ENTRY--TOPICAL TERM
Topical term or geographic name entry element LONG LEASES
650 ## - SUBJECT ADDED ENTRY--TOPICAL TERM
Topical term or geographic name entry element ROSEN V TRUSTEES OF THE CAMDEN CHARITIES
690 ## - LOCAL SUBJECT ADDED ENTRY--TOPICAL TERM (OCLC, RLIN)
Topical term or geographic name as entry element LANDLORD AND TENANT-LEASEHOLD REFORM-CASE LAW
942 ## - ADDED ENTRY ELEMENTS (KOHA)
Suppress in OPAC 0
Holdings
Withdrawn status Lost status Source of classification or shelving scheme Damaged status Not for loan Home library Current library Shelving location Date acquired Total Checkouts Full call number Barcode Date last seen Copy number Price effective from Koha item type
    Dewey Decimal Classification     London London News article 14/12/2000   WB3649-20 109956-1001 06/08/2019 1 06/08/2019 News article